000 00334nam a22001337a 4500
999 _c520851
_d520851
008 221025b ||||| |||| 00| 0 eng d
100 _aSrivastava, Garima
_935482
245 _aContemporary writings by women
260 _aYojana
300 _a66(8), Aug, 2022: p.49-50
773 _aYojana
906 _aWOMEN
942 _cAR